1328 1747 1746 1424 1954 1812 1030 1771 1289 1595 1505 1997 1517 1639 1445 1650 1628 1908 1655 1900 1503 1692 1349 1269 1094 1621 1098 1756 1289 1287 1820 1508 1334 1823 1748 1597 1433 1784 1752 1420 1917 1446 1659 1630 1598 1684 1855 1866 1607 1177 1409 1605 1063 1624 1441 1662 1084 1372 1310 1692 1921 1324 1567 1964 1878 1528 1916 1128 1521 1793 1795 1319 1562 1622 1694 1780 1689 1390 1294 1429 1495 1457 1089 1388 1337 1571 1636 1011 1582 1070 1948 1891 1954 1892 1634 1418 1277 1538 1462 BCNSPRNW ULIB Ver.6.0+V

เปลี่ยนเป็นภาษาไทย

Change to English
 แสดงรายละเอียดบรรณานุกรม
  กลับหน้าหลัก

Brief Record : Get Marc (ISO 2709) : E-mail record : QR code < ปิดหน้าต่าง
LEADER : 00000nam 2200000uu 4500
001    13399113974
003     ULIB
008    110208s||||||||th 000 0 tha d
020    9789748817941
060 04 WY18.2^bว587ส 2548
245 00 สาระทบทวน :^bกฎหมายและจรรยาบรรณวิชาชีพการพยาบาล /^cบรรณาธิการ, ละเอียด แจ่มจันทร์, สุรี ขันธรักษวงศ์
246 30 กฎหมายและจรรยาบรรณวิชาชีพการพยาบาล
250    พิมพ์ครั้งที่ 2
260    กรุงเทพฯ :^bจุดทอง, ^c2548
300    144 หน้า ;^c26 ซม.
650  7 การพยาบาล^xกฎหมายและระเบียบข้อบังคับ
650  7 จรรยาบรรณพยาบาล
700 0  ละเอียด แจ่มจันทร์,^eบรรณาธิการ
700 0  สุรี ขันธรักษวงศ์,^eบรรณาธิการ
945    ^p0^l0^i016671
945    ^p0^l0^i016672
945    ^p0^l0^i016673
945    ^p0^l0^i016674
945    ^p0^l0^i016675
945    ^p0^l0^i019185
945    ^p0^l0^i025755
995    ทศพร
999 ^a ใช้งานได้ทุกระบบ
รายการนี้ยังไม่มีแท็ก
คุณยังไม่ได้ล็อกอิน คุณสามารถมีกิจกรรมร่วมกับเว็บไซต์ได้ แต่ต้องล็อกอินก่อน ::
  ล็อกอิน

รายการสื่อสารสนเทศ

ลำดับที่ ประเภท เลขเรียก/บาร์โค้ด สถานที่ สถานะ
- ไม่พบข้อมูล -

รายการใกล้เคียง
    หัวเรื่อง [จรรยาบรรณพยาบาล]

BibComment


ยังไม่เคยถูกคอมเมนท์

คอมเมนท์ทรัพยากรรายการนี้
  คอมเมนท์: สาระทบทวน กฎหมาย..


 Copyright 2026. Bcnsprnw @Library